000
00246 a2200097 4500
020
_a
9788198754950
100
_a
Kottayam Pushpanath
245
_a
Skylab(സ്കൈലാബ്)
260
_b
Kottayam Pushpanath publications
_c
2026
942
_c
OO
999
_c
115892
_d
115891